000 00365nam a22001457a 4500
005 20251210151441.0
008 251210b |||||||| |||| 00| 0 eng d
037 _cTB
040 _aAL
_cAL
041 _2ARB
_aARB
100 _aAbdul Hayi
_9855778
245 _aAl-sultanah wa al-surah
942 _2CC
_cTB
_n0
999 _c1466151
_d1466151